| 000 | 00629cam a22002413a 4500 | ||
|---|---|---|---|
| 001 | 26956 | ||
| 003 | PGUSA | ||
| 005 | 20140828083600.0 | ||
| 008 | 081018s2008||||xxu|||||s|||||000 1 eng d | ||
| 040 |
_aPGUSA _beng |
||
| 042 | _adc | ||
| 100 | 1 | _aSevcik, Al | |
| 245 | 1 | 0 |
_aAlien Offer _h[electronic resource] / _cAl Sevcik |
| 260 |
_bProject Gutenberg, _c2008 |
||
| 506 | _aPublic domain in the USA. | ||
| 516 | _aElectronic text | ||
| 653 | _aShort stories | ||
| 653 | _aScience fiction | ||
| 700 | 1 | _aLlewellyn | |
| 830 | 0 |
_aProject Gutenberg _v26956 |
|
| 856 | 4 | 0 | _uhttp://www.gutenberg.org/ebooks/26956 |
| 942 | _cEB | ||
| 999 |
_c256211 _d256211 |
||